Alicia Keys Charting Songs (Billboard Hot 100) - Statistics

General Stats
  • This quiz has been taken 106 times
    54 since last reset
  • The average score is 12 of 28
Answer Stats
Album Weeks On Peak Artist(s) Song % Correct
The Blueprint 3 30 Weeks #1 (5 Weeks) Jay-Z + Alicia Keys Empire State of Mind
95%
Songs in a Minor 34 Weeks #1 (6 Weeks) Alicia Keys Fallin'
91%
Girl on Fire 30 Weeks #11 Alicia Keys ft. Nicki Minaj Girl on Fire
86%
As I Am 39 Weeks #1 (5 Weeks) Alicia Keys No One
86%
Confessions 26 Weeks #1 (6 Weeks) Usher & Alicia Keys My Boo
84%
The Diary of Alicia Keys 40 Weeks #4 Alicia Keys If I Ain't Got You
68%
The Diary of Alicia Keys 20 Weeks #3 Alicia Keys You Don't Know My Name
52%
Songs in a Minor 20 Weeks #7 Alicia Keys A Woman's Worth
48%
The Diary of Alicia Keys 28 Weeks #8 Alicia Keys ft. Tony! Toni! Tone! Diary
45%
Eve-Olution 22 Weeks #2 Eve ft. Alicia Keys Gangsta Lovin'
45%
The Element of Freedom 20 Weeks #27 Alicia Keys Try Sleeping With a Broken Heart
43%
The Diary of Alicia Keys 29 Weeks #20 Alicia Keys Karma
39%
Alicia 5 Weeks #69 Alicia Keys Underdog
36%
The Element of Freedom 20 Weeks #21 Alicia Keys Un-Thinkable (I'm Ready)
36%
As I Am 16 Weeks #54 Alicia Keys Teenage Love Affair
32%
Quantum of Solace 2 Weeks #81 Jack White & Alicia Keys Another Way to Die
30%
As I Am 24 Weeks #12 Alicia Keys Like You'll Never See Me Again
30%
Alicia 1 Week #90 Alicia Keys ft. Miguel Show Me Love
30%
Thank Me Later 1 Week #71 Drake ft. Alicia Keys Fireworks
27%
As I Am 7 Weeks #82 Alicia Keys Superwoman
27%
Songs in a Minor 9 Weeks #59 Alicia Keys How Come You Don't Call Me
25%
Unplugged 19 Weeks #34 Alicia Keys Unbreakable
23%
The Element of Freedom 10 Weeks #60 Alicia Keys Doesn't Mean Anything
20%
B.I.B.L.E. and Donda 2 10 Weeks #46 Fivio Foreign, Kanye West & Alicia Keys City of Gods
18%
The Element of Freedom 1 Week #55 Alicia Keys Empire State of Mind (Part II) Broken Down
18%
Non-Album Single 1 Week #79 50 Cent ft. Dr. Dre & Alicia Keys New Day
18%
Wasteland 1 Week #90 Brent Faiyaz ft. Alicia Keys Ghetto Gatsby
16%
Ghetto Story 7 Weeks #77 Cham ft. Alicia Keys Ghetto Story Chapter 2
11%
No matching quizzes found
Score Distribution
Percent of People with Each Score
Percentile by Number Answered
Your Score History
You have not taken this quiz since the last reset